000 00548cam a22001457a 4500
008 180718b1993 xxu||||| |||| 00| 0 eng d
100 _aArroyo III, Cristino R.
245 _aEconomic approaches to modeling fertility determinants: a selective review
_cby Cristino R. Arroyo III
260 _aWashington, D.C.
_bIBRD
_c1993
300 _a70p.
440 _aIBRD Working Papers: WPS 1085
650 _aBirth control --Econometric models
650 _aFertility, Human --Econometric models
700 _aIBRD. Population and Human Resources Department
999 _c227138
_d227138